[Event "Belgrade-chT Quality"]
[Site "Belgrade"]
[Date "2011.10.23"]
[Round "4"]
[White "Jovicic, Dragomir"]
[Black "Dizdarevic, Barbara"]
[Result "0-1"]
[WhiteElo "2156"]
[BlackElo "1962"]
[PlyCount "62"]
[EventDate "2011.10.15"]
[EventType "team-swiss"]
[EventRounds "11"]
[EventCountry "SRB"]
[SourceTitle "EXT 2012"]
[Source "ChessBase"]
[SourceDate "2011.11.24"]
[SourceVersion "1"]
[SourceVersionDate "2011.11.24"]
[SourceQuality "1"]

1. c4 Nf6 2. Nc3 g6 3. g3 Bg7 4. Bg2 0-0 5. Nf3 d6 6. d4 Nc6 7. b3 a6 8. 0-0 Rb8 9. d5 Na5 10. Nd4 Bd7 11. Bb2 c5 12. dxc6 bxc6 13. Qd2 c5 14. Nf3 Qb6 15. Nd5 Nxc4 16. Nxe7+ Kh8 17. bxc4 Qxb2 18. Qxd6 Qxe2 19. Rac1 Rb2 20. Qxc5 Rxa2 21. Ng5 Ng4 22. Bd5 Ne5 23. Rce1 Qb2 24. Rxe5 Qxe5 25. Qe3 Be6 26. Re1 Qxe3 27. Rxe3 Bf6 28. Nxe6 fxe6 29. Rxe6 Bd4 30. Kg2 Rfxf2+ 31. Kh3 Kg7 0-1

[Event "Belgrade-chT Quality"]
[Site "Belgrade"]
[Date "2011.10.22"]
[Round "3"]
[White "Ivanovic, Nikola"]
[Black "Dizdarevic, Barbara"]
[Result "1-0"]
[WhiteElo "2241"]
[BlackElo "1962"]
[PlyCount "53"]
[EventDate "2011.10.15"]
[EventType "team-swiss"]
[EventRounds "11"]
[EventCountry "SRB"]
[SourceTitle "EXT 2012"]
[Source "ChessBase"]
[SourceDate "2011.11.24"]
[SourceVersion "1"]
[SourceVersionDate "2011.11.24"]
[SourceQuality "1"]

1. Nf3 Nf6 2. c4 g6 3. Nc3 Bg7 4. g3 0-0 5. Bg2 d6 6. d4 Nc6 7. 0-0 a6 8. Nd5 Bg4 9. Nxf6+ Bxf6 10. d5 Ne5 11. Nd2 b5 12. cxb5 axb5 13. f4 Nd3 14. h3 Nxc1 15. hxg4 Bxb2 16. Rxc1 Bxc1 17. Qxc1 Rxa2 18. f5 Qa8 19. Ne4 Qa7+ 20. Kh1 Kg7 21. f6+ exf6 22. Qc3 Rxe2 23. Qxf6+ Kg8 24. Ng5 c6 25. Ne6 Rxe6 26. dxe6 Qa2 27. e7 1-0

[Event "EU-ch U18 Girls"]
[Site "Albena"]
[Date "2011.09.15"]
[Round "5"]
[White "Dizdarevic, Barbara"]
[Black "Miturova, Magdalena"]
[Result "1/2-1/2"]
[WhiteElo "1962"]
[BlackElo "2042"]
[PlyCount "150"]
[EventDate "2011.09.11"]
[EventType "swiss"]
[EventRounds "9"]
[EventCountry "BUL"]
[SourceTitle "CBM 144 Extra"]
[Source "ChessBase"]
[SourceDate "2011.10.28"]
[SourceVersion "1"]
[SourceVersionDate "2011.10.28"]
[SourceQuality "1"]

1. e4 e5 2. Nf3 Nc6 3. d4 exd4 4. Nxd4 Bc5 5. Nxc6 Qf6 6. Qd2 bxc6 7. Nc3 Ne7 8. Qf4 Qxf4 9. Bxf4 d6 10. Na4 Bd4 11. c3 Bf6 12. 0-0-0 Bd7 13. Bc4 Ng6 14. Bg3 h5 15. h3 h4 16. Bh2 Rh5 17. Bb3 Rb8 18. f4 Be6 19. c4 Ne7 20. f5 Bd7 21. c5 d5 22. Nc3 Rb4 23. Rhe1 Kd8 24. exd5 cxd5 25. Nxd5 Nxd5 26. Rxd5 Kc8 27. Be5 Rxf5 28. Bxf6 Rxf6 29. Re7 Bc6 30. Rg5 Rbf4 31. Rxg7 Rf1+ 32. Kd2 R6f2+ 33. Re2 Rf5 34. Bc4 R1f4 35. b3 Bd5 36. Ba6+ Kd7 37. Bd3 Rf6 38. Kc3 a5 39. a3 Kc6 40. b4 axb4+ 41. axb4 Rf2 42. Rg5 Rxe2 43. Bxe2 Re6 44. Rxd5 Rxe2 45. Rf5 Rxg2 46. Rxf7 Rg1 47. Rh7 Rc1+ 48. Kb3 Rb1+ 49. Ka3 Ra1+ 50. Kb2 Rg1 51. Rxh4 Rg3 52. Kc2 Kb5 53. Kd2 Rb3 54. Ke2 c6 55. Kf2 Rb2+ 56. Ke3 Rb3+ 57. Kd2 Rg3 58. Ke2 Rb3 59. Rh8 Rb2+ 60. Kd3 Rb3+ 61. Kc2 Rg3 62. h4 Kxb4 63. h5 Kxc5 64. h6 Rh3 65. h7 Kc4 66. Kd2 c5 67. Ke2 Kc3 68. Kf2 c4 69. Kg2 Rh6 70. Kg3 Kc2 71. Kg4 c3 72. Kg5 Rh1 73. Kg6 Kc1 74. Rf8 Rxh7 75. Kxh7 c2 1/2-1/2

[Event "EU-ch U18 Girls"]
[Site "Albena"]
[Date "2011.09.13"]
[Round "3"]
[White "Dizdarevic, Barbara"]
[Black "Milicevic, Dajana"]
[Result "1-0"]
[WhiteElo "1962"]
[BlackElo "1682"]
[PlyCount "67"]
[EventDate "2011.09.11"]
[EventType "swiss"]
[EventRounds "9"]
[EventCountry "BUL"]
[SourceTitle "CBM 144 Extra"]
[Source "ChessBase"]
[SourceDate "2011.10.28"]
[SourceVersion "1"]
[SourceVersionDate "2011.10.28"]
[SourceQuality "1"]

1. e4 c5 2. Nf3 Nc6 3. d4 cxd4 4. Nxd4 Nf6 5. Nc3 d6 6. f3 a6 7. Be3 e6 8. Qd2 Bd7 9. g4 h6 10. 0-0-0 Be7 11. Kb1 Qc7 12. Bg2 Rc8 13. h4 Ne5 14. Nb3 b5 15. Rc1 Nc4 16. Qe1 d5 17. g5 Ng8 18. exd5 Bb4 19. dxe6 Bxe6 20. Bd4 Kf8 21. Nxb5 Bxe1 22. Nxc7 Rxc7 23. Rcxe1 hxg5 24. hxg5 Rxh1 25. Rxh1 f6 26. gxf6 Nxf6 27. Nc5 Bc8 28. Kc1 Nd5 29. Bh3 Bxh3 30. Rxh3 Re7 31. Ne4 Kf7 32. Rh5 Nb4 33. Bc5 Rb7 34. b3 1-0

[Event "SRB-ch U20 Girls"]
[Site "Donji Milanovac"]
[Date "2011.08.07"]
[Round "9"]
[White "Dizdarevic, Barbara"]
[Black "Tomin, Ksenija"]
[Result "1-0"]
[WhiteElo "1874"]
[BlackElo "1901"]
[PlyCount "49"]
[EventDate "2011.08.01"]
[EventType "tourn"]
[EventRounds "9"]
[EventCountry "SRB"]
[SourceTitle "CBM 144 Extra"]
[Source "ChessBase"]
[SourceDate "2011.10.28"]
[SourceVersion "1"]
[SourceVersionDate "2011.10.28"]
[SourceQuality "1"]

1. e4 c5 2. Nf3 d6 3. d4 cxd4 4. Nxd4 Nf6 5. Nc3 Bd7 6. Bg5 e5 7. Ndb5 Bc6 8. Nd5 Bxd5 9. Bxf6 gxf6 10. Qxd5 Nc6 11. Bc4 Qd7 12. 0-0-0 Rd8 13. Nc3 a6 14. Qd3 b5 15. Bb3 Nd4 16. Nd5 Be7 17. Kb1 a5 18. c3 Ne6 19. Qf3 Rg8 20. Nxf6+ Bxf6 21. Qxf6 Rxg2 22. Rhg1 Rxg1 23. Rxg1 Qe7 24. Rg8+ Kd7 25. Bxe6+ 1-0